[Event "Pasto op 3rd"]
[Site "Pasto"]
[Date "2023.02.17"]
[Round "1"]
[White "Cajamarca Gordillo, Sebastian Alejandro"]
[Black "Benavides, Christian Camilo"]
[Result "0-1"]
[WhiteElo "1647"]
[BlackElo "1853"]
[PlyCount "128"]
[EventDate "2023.02.17"]
[EventType "swiss"]
[EventRounds "6"]
[EventCountry "COL"]
[SourceTitle "EXT 2024"]
[Source "ChessBase"]
[SourceDate "2023.10.10"]
[SourceVersion "1"]
[SourceVersionDate "2023.10.10"]
[SourceQuality "1"]

1. d4 Nf6 2. c4 g6 3. Nc3 Bg7 4. e4 d6 5. Be2 0-0 6. Be3 Nbd7 7. Nf3 e5 8. d5 a5 9. 0-0 h6 10. h3 Nh5 11. Qd2 Kh7 12. Ne1 Nhf6 13. Nd3 b6 14. Rac1 Nc5 15. Nxc5 bxc5 16. b3 Nd7 17. Bd3 Nb6 18. Ne2 f5 19. f4 Qe7 20. Qc2 a4 21. Rf3 axb3 22. axb3 Bd7 23. Rcf1 c6 24. fxe5 Qxe5 25. Bf4 Qe7 26. exf5 Bxf5 27. dxc6 Rac8 28. Bxf5 Rxf5 29. Re3 Qf8 30. Rff3 Rxc6 31. Bg3 d5 32. Rxf5 Qxf5 33. Qxf5 gxf5 34. cxd5 Nxd5 35. Rd3 Nf6 36. Nc3 Ne4 37. Nxe4 fxe4 38. Rd7 Kg6 39. Kf1 Bd4 40. Ke2 Kf5 41. Rf7+ Kg6 42. Rd7 Kf5 43. Rf7+ Kg5 44. Bf2 Rb6 45. Be3+ Kg6 46. Rd7 Rb4 47. Rd6+ Kf5 48. g4+ Ke5 49. Rxh6 Bxe3 50. Kxe3 Rxb3+ 51. Ke2 c4 52. Rh8 Rg3 53. Re8+ Kd4 54. Rd8+ Kc3 55. Re8 e3 56. Re7 Kb2 57. Rb7+ Kc2 58. g5 Rxg5 59. Kxe3 Rg3+ 60. Kd4 c3 61. Rf7 Rxh3 62. Rf2+ Kb1 63. Rf1+ Kb2 64. Kc4 c2 0-1

[Event "Pasto Futuros Maestros-A"]
[Site "Pasto"]
[Date "2023.01.15"]
[Round "5"]
[White "Cajamarca Gordillo, Sebastian Alejandro"]
[Black "Ortega Moran, Helmer Andres"]
[Result "0-1"]
[WhiteElo "1527"]
[BlackElo "1739"]
[PlyCount "108"]
[EventDate "2023.01.13"]
[EventType "tourn"]
[EventRounds "7"]
[EventCountry "COL"]
[SourceTitle "CBM 212 Extra"]
[Source "ChessBase"]
[SourceDate "2023.03.31"]
[SourceVersion "1"]
[SourceVersionDate "2023.03.31"]
[SourceQuality "1"]

1. d4 Nf6 2. c4 g6 3. Nc3 Bg7 4. e4 d6 5. Be2 0-0 6. Be3 Nbd7 7. h4 c5 8. d5 Ne5 9. f3 Nh5 10. Bf2 f5 11. Qc2 fxe4 12. Nxe4 Qa5+ 13. Qd2 Qxd2+ 14. Kxd2 Bf5 15. Ng3 Bh6+ 16. Kd1 Nxg3 17. Bxg3 Nd3 18. Bxd3 Bxd3 19. h5 Rf6 20. b3 gxh5 21. Rxh5 Rg6 22. Rxh6 Rxh6 23. Kd2 Bf5 24. Re1 e5 25. Ne2 Rf8 26. Nc3 Rg6 27. Ne2 Rf7 28. Ke3 Rfg7 29. Kf2 Bd3 30. Bh4 Rxg2+ 31. Ke3 Bxe2 32. Rxe2 Kf7 33. a3 Rxe2+ 34. Kxe2 Rg2+ 35. Bf2 a5 36. Kf1 Rxf2+ 37. Kxf2 Kf6 38. Ke2 Kf5 39. Kf2 h5 40. Ke2 Kf4 41. b4 axb4 42. axb4 b6 43. bxc5 bxc5 44. Kd3 Kxf3 45. Kc3 Ke4 46. Kb3 Kd4 47. Ka4 Kxc4 48. Ka3 h4 49. Ka2 h3 50. Ka3 h2 51. Ka2 h1Q 52. Kb2 Qg2+ 53. Kb1 Kb3 54. Kc1 Qc2# 0-1

[Event "Ibague op"]
[Site "Ibague"]
[Date "2022.10.08"]
[Round "8"]
[White "Cajamarca Gordillo, Sebastian Alejandro"]
[Black "Pereira Vera, Henry Alberto"]
[Result "1/2-1/2"]
[WhiteElo "1545"]
[BlackElo "1792"]
[PlyCount "52"]
[EventDate "2022.10.05"]
[EventType "swiss"]
[EventRounds "10"]
[EventCountry "COL"]
[SourceTitle "CBM 210 Extra"]
[Source "ChessBase"]
[SourceDate "2022.11.30"]
[SourceVersion "1"]
[SourceVersionDate "2022.11.30"]
[SourceQuality "1"]

1. d4 Nf6 2. c4 e6 3. Nc3 Bb4 4. e3 b6 5. Bd3 Bb7 6. Nf3 0-0 7. 0-0 Bxc3 8. bxc3 Ne4 9. Qc2 f5 10. Nd2 d5 11. cxd5 exd5 12. c4 c6 13. cxd5 cxd5 14. Nxe4 fxe4 15. Bb5 Nd7 16. Ba3 Rf6 17. Rac1 a6 18. Bxd7 Qxd7 19. Qc7 Bc6 20. Qxd7 Bxd7 21. Rc7 Bb5 22. Rb1 Rf7 23. Bd6 Rxc7 24. Bxc7 Bc4 25. Rxb6 Bxa2 26. Rb8+ Rxb8 1/2-1/2

[Event "Ibague op"]
[Site "Ibague"]
[Date "2022.10.05"]
[Round "2"]
[White "Mora Munoz, Alejandro"]
[Black "Cajamarca Gordillo, Sebastian Alejandro"]
[Result "1-0"]
[WhiteElo "1905"]
[BlackElo "1545"]
[PlyCount "41"]
[EventDate "2022.10.05"]
[EventType "swiss"]
[EventRounds "10"]
[EventCountry "COL"]
[SourceTitle "CBM 210 Extra"]
[Source "ChessBase"]
[SourceDate "2022.11.30"]
[SourceVersion "1"]
[SourceVersionDate "2022.11.30"]
[SourceQuality "1"]

1. e4 e5 2. Nf3 Nc6 3. Bb5 Nf6 4. 0-0 Nxe4 5. Re1 Nd6 6. Bf1 Be7 7. Nxe5 0-0 8. Nf3 Bf6 9. d4 Re8 10. c3 b6 11. Bf4 Rxe1 12. Qxe1 Nf5 13. Bxc7 Qf8 14. Qe4 Nfe7 15. d5 Nd8 16. Na3 Bb7 17. Bc4 Ng6 18. Nb5 Ba6 19. Bd6 Bxb5 20. Bxf8 Bxc4 21. Ba3 1-0

[Event "Pasto Narino Cup"]
[Site "Pasto"]
[Date "2022.07.24"]
[Round "6"]
[White "Cajamarca Gordillo, Sebastian Alejandro"]
[Black "Coral Ordonez, Richard Alexander"]
[Result "1/2-1/2"]
[WhiteElo "1557"]
[BlackElo "1735"]
[PlyCount "110"]
[EventDate "2022.07.23"]
[EventType "swiss"]
[EventRounds "6"]
[EventCountry "COL"]
[SourceTitle "CBM 209 Extra"]
[Source "ChessBase"]
[SourceDate "2022.09.30"]
[SourceVersion "1"]
[SourceVersionDate "2022.09.30"]
[SourceQuality "1"]

1. d4 d5 2. c4 c6 3. cxd5 cxd5 4. Nc3 Nf6 5. Bg5 e6 6. e3 Nc6 7. Bb5 Be7 8. Nge2 0-0 9. 0-0 a6 10. Bxc6 bxc6 11. Rc1 Bd7 12. Na4 h6 13. Bxf6 Bxf6 14. Nc5 e5 15. dxe5 Bxe5 16. Nd4 Be8 17. Qd3 Bd6 18. Rfd1 Qb6 19. Ndb3 a5 20. a4 Rb8 21. Qc3 Ra8 22. Rd2 f6 23. Nd4 Be5 24. f4 Bxd4 25. exd4 Rf7 26. Re2 Qc7 27. Rce1 Bd7 28. Re7 Qd6 29. Rxf7 Kxf7 30. g3 Bf5 31. Kf2 Ra7 32. Re3 Qb8 33. b3 Qb6 34. Kf3 Re7 35. Rxe7+ Kxe7 36. Qe1+ Kf7 37. Qc3 h5 38. Qd2 Qd8 39. b4 axb4 40. Qxb4 Bg4+ 41. Kf2 Qe8 42. Qd2 Qb8 43. a5 Qb1 44. Kg2 Qa1 45. Nb7 Qa3 46. Qf2 Bc8 47. Nd8+ Kg8 48. Nxc6 Bd7 49. Nb8 Bf5 50. Na6 Qxa5 51. Nc5 Qc3 52. Qe2 Bg4 53. Qf2 Bf5 54. Qe2 Bg4 55. Qf2 Bf5 1/2-1/2

[Event "Pasto Narino Cup"]
[Site "Pasto"]
[Date "2022.07.23"]
[Round "1"]
[White "Rodriguez Calvachi, Diego"]
[Black "Cajamarca Gordillo, Sebastian Alejandro"]
[Result "0-1"]
[WhiteElo "1530"]
[BlackElo "1557"]
[PlyCount "60"]
[EventDate "2022.07.23"]
[EventType "swiss"]
[EventRounds "6"]
[EventCountry "COL"]
[SourceTitle "CBM 209 Extra"]
[Source "ChessBase"]
[SourceDate "2022.09.30"]
[SourceVersion "1"]
[SourceVersionDate "2022.09.30"]
[SourceQuality "1"]

1. e4 e5 2. Nf3 Nc6 3. Bc4 Bc5 4. d3 Nf6 5. Bg5 d6 6. h3 h6 7. Bh4 Be6 8. Bxe6 fxe6 9. 0-0 Qd7 10. Nc3 g5 11. Bg3 h5 12. Nxg5 Rg8 13. h4 0-0-0 14. Nb5 a6 15. Nc3 Qe7 16. a3 Nh7 17. Qxh5 Nxg5 18. hxg5 Rxg5 19. Qh4 Qg7 20. b4 Bd4 21. Ne2 Rh8 22. Nxd4 Nxd4 23. f4 Rxg3 24. Qxh8+ Qxh8 25. Kf2 exf4 26. Rh1 Qg7 27. Rh2 Nxc2 28. Rah1 b6 29. Rh7 Rxg2+ 30. Kf3 Qg3# 0-1

[Event "Pereira Gildardo Garcia Memorial-B"]
[Site "Pereira"]
[Date "2022.05.21"]
[Round "6"]
[White "Caicedo Anguila, Juliana Andrea"]
[Black "Cajamarca Gordillo, Sebastian Alejandro"]
[Result "0-1"]
[WhiteElo "1607"]
[BlackElo "1392"]
[PlyCount "82"]
[EventDate "2022.05.18"]
[EventType "swiss"]
[EventRounds "9"]
[EventCountry "COL"]
[SourceTitle "CBM 208 Extra"]
[Source "ChessBase"]
[SourceDate "2022.07.31"]
[SourceVersion "1"]
[SourceVersionDate "2022.07.31"]
[SourceQuality "1"]

1. d4 Nf6 2. Nf3 d6 3. b4 g6 4. Bb2 Bg7 5. e3 0-0 6. Be2 b6 7. 0-0 Bb7 8. c4 Nbd7 9. Nc3 c5 10. dxc5 bxc5 11. b5 Ng4 12. Qb3 Qc7 13. a4 Rab8 14. a5 Ba8 15. Rfd1 Ngf6 16. Qc2 Rfd8 17. e4 Nxe4 18. Nd5 Bxd5 19. Bxg7 Kxg7 20. Rxd5 Nef6 21. Qc3 Kg8 22. Rd3 d5 23. cxd5 Rxb5 24. Ng5 c4 25. Rd4 Qe5 26. Bxc4 Rc5 27. Nf3 Qc7 28. Qb3 Ne5 29. Nxe5 Qxe5 30. Rad1 Rxa5 31. Qc3 Rc5 32. f4 Qc7 33. Qb3 Rd6 34. f5 Qb6 35. fxg6 hxg6 36. Qa4 Ra5 37. Qc2 e5 38. dxe6 Rxd4 39. exf7+ Kf8 40. Kh1 Rxd1+ 41. Qxd1 Ne4 0-1

[Event "South America-ch U10 17th"]
[Site "Guayaquil"]
[Date "2022.01.28"]
[Round "5"]
[White "Cajamarca Gordillo, Sebastian Alejandro"]
[Black "Montevilla Cahuasa, Hector Sebastian"]
[Result "1-0"]
[WhiteElo "1260"]
[BlackElo "1203"]
[PlyCount "63"]
[EventDate "2022.01.25"]
[EventType "swiss"]
[EventRounds "9"]
[EventCountry "ECU"]
[SourceTitle "CBM 206 Extra"]
[Source "ChessBase"]
[SourceDate "2022.03.31"]
[SourceVersion "1"]
[SourceVersionDate "2022.03.31"]
[SourceQuality "1"]

1. d4 d5 2. c4 c6 3. Nf3 Nf6 4. e3 e6 5. Nc3 Bd6 6. cxd5 cxd5 7. Bd3 0-0 8. 0-0 Nbd7 9. Bd2 b6 10. Rc1 a6 11. Bb1 Bb7 12. Re1 Re8 13. a3 Rc8 14. Qc2 e5 15. dxe5 Bxe5 16. Nxe5 Nxe5 17. b3 Qd7 18. Qd1 h5 19. Na4 Rxc1 20. Qxc1 Qg4 21. Qd1 Qe6 22. Bc3 Qc6 23. Bxe5 Rxe5 24. Qc1 Qd6 25. Rd1 g6 26. Qc3 Re6 27. Rc1 Re7 28. h3 Kg7 29. Qb4 Qxb4 30. axb4 b5 31. Nc5 Rc7 32. Ne6+ 1-0

[Event "Preinscritos IRT Online"]
[Site "Chess.com INT"]
[Date "2020.12.26"]
[Round "6"]
[White "Ruiz, Esteban"]
[Black "Cajamarca Gordillo, Sebastian Alejandro"]
[Result "1/2-1/2"]
[WhiteElo "2089"]
[BlackElo "1670"]
[PlyCount "116"]
[EventDate "2020.12.26"]
[EventType "swiss"]
[EventRounds "11"]
[EventCountry "ECU"]
[SourceTitle "CBM 200 Extra"]
[Source "ChessBase"]
[SourceDate "2021.03.31"]
[SourceVersion "1"]
[SourceVersionDate "2021.03.31"]
[SourceQuality "1"]

1. d4 Nf6 2. Nf3 d6 3. g3 Nbd7 4. Bg2 c5 5. 0-0 g6 6. c4 Bg7 7. Nc3 cxd4 8. Qxd4 0-0 9. Qh4 Nh5 10. g4 Nhf6 11. Bh6 Bxh6 12. Qxh6 Nxg4 13. Qh4 Ngf6 14. Ng5 Kg7 15. Nd5 Rh8 16. Nf4 h6 17. Nxf7 Kxf7 18. Bd5+ e6 19. Nxe6 Qb6 20. Qf4 Re8 21. Nc7+ Kf8 22. Nxe8 Kxe8 23. Qxh6 Kd8 24. Qxg6 Kc7 25. c5 dxc5 26. Qg3+ Qd6 27. Rfd1 Qxg3+ 28. hxg3 Nxd5 29. Rxd5 b6 30. Rad1 Rb8 31. f3 Rb7 32. e4 b5 33. e5 Rb6 34. f4 Re6 35. Kf2 Re7 36. Ke3 Re6 37. Ke4 Bb7 38. Kf5 Bxd5 39. Rxd5 Re8 40. e6 Nb6 41. Rxc5+ Kd6 42. Rxb5 Nd5 43. Rb7 Rxe6 44. Rxa7 Ne3+ 45. Kg5 Re7 46. Ra6+ Kd5 47. f5 Re5 48. g4 Re4 49. f6 Rxg4+ 50. Kh6 Rf4 51. Kg7 Rg4+ 52. Kf8 Nf5 53. f7 Nd6 54. Rxd6+ Kxd6 55. Ke8 Re4+ 56. Kf8 Rg4 57. Ke8 Re4+ 58. Kf8 Rg4 1/2-1/2